| 000 | 00253nam a22000857a 4500 | ||
|---|---|---|---|
| 999 |
_c24830 _d24830 |
||
| 003 | NUST | ||
| 005 | 20170530110842.0 | ||
| 008 | 151007b xxu||||| |||| 00| 0 eng d | ||
| 020 | _cAvailable | ||
| 040 |
_aDLC _bDLC _cRCMS |
||
| 050 | _a428.34 NES | ||
| 082 | _a428.34 NES | ||
| 100 |
_aJ.C. Nesfeld, M.A _91553 |
||
| 245 |
_aManual of English Grammar and Composition _cJ.C. Nesfeld, M.A |
||
| 260 |
_aLondon _bMacmillan & Co LTD _c1954 |
||
| 300 |
_aviii, 423 p. : _bill, ; _c30 cm. |
||
| 440 |
_aManual of English Grammar and Composition _91554 |
||
| 538 | _iShelf # 13, Row # 4, Fiction. | ||
| 856 | _3Table of Contents Only. | ||
| 942 |
_2ddc _cBK _h428.34 NES |
||